00425 2200157 4500001002100000005001500021035002000036245006900056100002400125300002600149260003600175082000800211084001400219020002200233990001200255INLIS00000000000310020251001094121 a0010-10250000041 aTuhan Tidak Makan Ikan dan Cerita Lainnya /cGunawan Tri Atmodjo0 aGunawan Tri Atmodjo a244 hlm ;c14 x 20 cm aYogyakarta :bDiva Press,c2016 a800 a800 GUN t a978-602-279-225-3 a0755526